| LEADER | 00777cam a2200241 a 4500 | ||
|---|---|---|---|
| 001 | u417775 | ||
| 003 | SIRSI | ||
| 008 | 971112s1997 si v 00 1 eng m | ||
| 035 | |a ACE-1297 | ||
| 040 | |a UMM | ||
| 090 | |a QL638 |b C55Tan | ||
| 100 | 1 | 0 | |a Tan, Nguan Soon. |
| 245 | 1 | 0 | |a Genomic organization and regulation of Oreochromis aureus estrogen receptor gene / |c by Tan Nguan Soon. |
| 260 | |c 1997. | ||
| 300 | |a xx, 439 leaves : |b ill. ; |c 30 cm. | ||
| 502 | |a Thesis (Ph.D.) -- National University of Singapore, 1997. | ||
| 504 | |a Bibliography: leaves 402-439. | ||
| 650 | 0 | |a Fishes |x Genetics | |
| 650 | 0 | |a Tilapia. | |
| 650 | 0 | |a Estrogen |x Receptors. | |
| 948 | |a 13/11/1997 |b 19/06/2002 | ||
| 596 | |a 1 | ||
| 999 | |a QL638 C55TAN |w LC |c 1 |i A506953542 |l STACKS |m P01UTAMA |r Y |s Y |t TESIS |u 19/2/1998 | ||
